000 00448nam a2200181Ia 4500
001 1316
005 20260306143719.0
008 260306t2013||||xx |||||||||||||| ||spa||
041 _aESP
082 _a193
_bS29
100 _aSchelling, Friedrich Wilhelm Joseph von
_eAUT
245 0 _aCartas sobre dogmatismo y criticismo
260 _c2013
300 _a104 páginas :
_c20 cm.
650 _aGEN
654 _aCHU
942 _cLIB
_dJUS
_fJUS
_2ddc
_n
999 _c1316
_d1316